|
|
|
|
| LEADER |
00000cam a2200000 7i4500 |
| 001 |
0000000033 |
| 005 |
20000717.0 |
| 020 |
0 |
0 |
|a 9836248935
|
| 090 |
0 |
0 |
|a 346.730486
|b AME 1996
|
| 100 |
1 |
0 |
|a AMERNICK
|h Burton A.
|
| 245 |
1 |
0 |
|a Undang-undang paten untuk bukan peguam :
|b Panduan untuk jurutera, ahli teknologi dan pengurus
|c Burton A. Amernick, penterjemah Istilah Enterprise
|
| 260 |
0 |
0 |
|a Kuala Lumpur :
|b DBP ,
|c 1996
|
| 300 |
|
|
|a xix,199 p. ;
|c 23 cm.
|
| 500 |
0 |
0 |
|a Includes index
|
| 650 |
0 |
0 |
|a Patent laws and legislation
|z United States
|
| 700 |
0 |
1 |
|a Istilah Enterprise
|
| 999 |
|
|
|a 0000001214
|b Monograph
|c Open Shelf
|e Default branch
|